000 01007nas a2200313 4500
001 BR2014003963
003 BR-BrBNA
005 20231205124202.0
007 ta
008 230509b bl.|||p| |||| 00| 00por d
040 _aBR-BrBNA
_bpor
_cBiblioteca Nacional de Agricultura
041 _a(En)
072 _aL02
100 1 _aConfortin, A.C.C.
100 1 _aRocha, M.G. da
100 1 _aQuadros, F.L.F. de
100 1 _aGlienke, C.L.
100 1 _aRossi, G.E.
100 1 _aMoraes, A.B. de
245 1 _aStructural and morphogenical characteristics of black oats and italian ryegrass on pasture submitted to two grazing intensities
650 _aOVINO
650 _aPASTEJO
650 _aAVEIA FORRAGEIRA
650 _aAZEVÉM
773 0 _tRevista Brasileira de Zootecnia (Brazil)
_xISSN 1806-9290
_g(Nov 2010), v. 39(11) p. 2357-2365
_wBR2014003963
856 4 0 _uhttp://www.scielo.br/pdf/rbz/v39n11/v39n11a07.pdf
909 _a202311
_bLúcia
_c55
_dLúcia Elande
942 _2AGRIS
_n0
_cANA
999 _c237738
_d237738